Belgium administration in the Congo (Record no. 1443717)

MARC details
000 -LEADER
fixed length control field 00588nam a2200205Ia 4500
005 - DATE AND TIME OF LATEST TRANSACTION
control field 20250923144821.0
008 - FIXED-LENGTH DATA ELEMENTS--GENERAL INFORMATION
fixed length control field 008 250917s9999 xx 000 0 eng d
037 ## - SOURCE OF ACQUISITION
Stock number Textual
040 ## - CATALOGING SOURCE
Original cataloging agency DSWL
Language of cataloging eng
Transcribing agency DSWL
041 ## - LANGUAGE CODE
Language code of text/sound track or separate title eng
Source of code eng
084 ## - COLON CLASSIFICATION NUMBER
Classification number V641:1:N6, K1
Assigning agency DSWL
100 ## - MAIN ENTRY--PERSONAL NAME
Personal name Brausch, Georges
9 (RLIN) 828715
245 #0 - TITLE STATEMENT
Title Belgium administration in the Congo
Statement of responsibility, etc. by Georges Brausch
260 ## - PUBLICATION, DISTRIBUTION, ETC.
Place of publication, distribution, etc. London
Name of publisher, distributor, etc. UniversityPress
Date of publication, distribution, etc. 1961
300 ## - PHYSICAL DESCRIPTION
Extent ix,93p.
365 ## - TRADE PRICE
Price type code INR
Price amount 7.6.
925 ## -
-- 7.6.
942 ## - ADDED ENTRY ELEMENTS (KOHA)
Koha item type Textual
Classification part V641:1:N6, K1
Holdings
Withdrawn status Lost status Damaged status Not for loan Home library Current library Date acquired Total Checkouts Full call number Barcode Date last seen Price effective from Koha item type
        Department of Social Work Library Department of Social Work Library 2025-09-23   V641:1:N6, K1 SW0008286 2025-09-23 2025-09-23 Textual
Copyright @ Delhi University Library System